| 000 | 00809nam0a2200265 4500 | ||
|---|---|---|---|
| 001 | RU\NLR\ONL1\17566 | ||
| 005 | 20250613123116.0 | ||
| 035 | _a(NLR Aleph) 009646304 | ||
| 090 |
_a9564766 _c9564766 |
||
| 100 | _a20110131d1931 |||y0rusy50 ca | ||
| 101 | 0 | _amdf | |
| 102 | _aRU | ||
| 105 | _aa ||||||||| | ||
| 200 | 1 |
_aТувонь раштафтомась колхозга _fЯ. В. Молош |
|
| 210 |
_aСамара _cЦентриздат _d1931 |
||
| 215 |
_a50,[2] c. _cил. _d17 |
||
| 541 | 1 |
_aКолхозное свиноводство _zrus |
|
| 606 | 0 |
_aСвиноводство _9998864 _3RU\NLR\auth\6660708 |
|
| 686 | 1 | _aП65 | |
| 700 | 1 |
_aМолош _bЯ. В. _4070 |
|
| 801 | 0 |
_aRU _bNLR _c20110131 _gPSBO |
|
| 852 |
_aNLR _bОНЛ _jМорд.м./2-240 |
||
| 942 | _cBOOK | ||
| 980 | _aNB | ||